Shock del futuro / (Registro nro. 6539)
[ vista simple ]
| 000 -LEADER | |
|---|---|
| fixed length control field | 01006nam a22002777a 4500 |
| 003 - CONTROL NUMBER IDENTIFIER | |
| control field | OSt |
| 005 - DATE AND TIME OF LATEST TRANSACTION | |
| control field | 20250521155115.0 |
| 008 - FIXED-LENGTH DATA ELEMENTS--GENERAL INFORMATION | |
| fixed length control field | 200217t2017 ag ||||gr|||| 00| f spa d |
| 020 ## - INTERNATIONAL STANDARD BOOK NUMBER | |
| International Standard Book Number | 9789874085160 |
| 040 ## - CATALOGING SOURCE | |
| Original cataloging agency | CO-JMCR |
| Transcribing agency | CO-JMCR |
| 041 1# - LANGUAGE CODE | |
| Language code of text/sound track or separate title | spa |
| Language code of original | eng |
| 082 04 - DEWEY DECIMAL CLASSIFICATION NUMBER | |
| Classification number | J-N |
| Item number | BRIs |
| 100 1# - MAIN ENTRY--PERSONAL NAME | |
| Personal name | Briggs, Elizabeth, |
| Relator term | autora |
| 9 (RLIN) | 670 |
| 245 1# - TITLE STATEMENT | |
| Title | Shock del futuro / |
| Statement of responsibility, etc. | Elizabeth Briggs ; traducción de, Belén Sánchez Parodi |
| 260 ## - PUBLICATION, DISTRIBUTION, ETC. | |
| Place of publication, distribution, etc. | Argentina : |
| Name of publisher, distributor, etc. | Numeral 17, |
| Date of publication, distribution, etc. | ©2017 |
| 300 ## - PHYSICAL DESCRIPTION | |
| Extent | 303 páginas ; |
| Dimensions | 22 cm. |
| 500 ## - GENERAL NOTE | |
| General note | Datos biográficos del autor en solapa posterior. |
| 500 ## - GENERAL NOTE | |
| General note | Titulo original: Future Shock |
| 501 ## - WITH NOTE | |
| With note | Con nota en tapa frontal: Best Seller de The New York Times |
| 520 ## - SUMMARY, ETC. | |
| Summary, etc. | Ella es una chica sin futuro.<br/>Elena tiene mucha calle, una memoria prodigiosa y una fecha limite. |
| 546 ## - LANGUAGE NOTE | |
| Language note | Traducido del Inglés. |
| 650 14 - SUBJECT ADDED ENTRY--TOPICAL TERM | |
| Topical term or geographic name entry element | Ciencia ficción |
| 9 (RLIN) | 671 |
| 650 14 - SUBJECT ADDED ENTRY--TOPICAL TERM | |
| Topical term or geographic name entry element | Novela |
| Geographic subdivision | Estadounidense |
| 9 (RLIN) | 672 |
| 700 ## - ADDED ENTRY--PERSONAL NAME | |
| Personal name | Sánchez Parodi, Belén, |
| Relator term | traductor |
| 9 (RLIN) | 673 |
| 942 ## - ADDED ENTRY ELEMENTS (KOHA) | |
| Source of classification or shelving scheme | Dewey Decimal Classification |
| Koha item type | Books |
| Withdrawn status | Lost status | Source of classification or shelving scheme | Damaged status | Not for loan | Home library | Current library | Shelving location | Date acquired | Source of acquisition | Cost, normal purchase price | Total Checkouts | Full call number | Barcode | Date last seen | Copy number | Price effective from | Koha item type |
|---|---|---|---|---|---|---|---|---|---|---|---|---|---|---|---|---|---|
| Dewey Decimal Classification | Biblioteca Pública José María del Castillo y Rada | Biblioteca Pública José María del Castillo y Rada | Processing Center | 12/19/2019 | Donación | 0.00 | J-N BRIs | 201809750 | 02/17/2020 | Ej.1 | 02/17/2020 | Books |